000 00419cam a2200157 a 4500
020 _a0800619722
041 _aENG
082 0 0 _a270.1
_bACH
100 1 _aAchtemeier, Paul J.
245 1 4 _aThe quest for unity in the New Testament church :A Study in Paul and Acts
260 _aPhiladelphia, PA :
_bFortress Press,
_cc1987.
300 _axii, 132 p. ;
500 _aIncludes index.
650 0 _aChurch
942 _cBK
999 _c22502
_d22502